000
00232nam a2200097Ia 4500
001
806609
005
20250826171215.0
008
250824s9999 xx 000 0 und d
245
0
_a
YÜZLEŞME
_c
UĞUR KOŞAR
260
_b
DESTEK YAYINLARI
999
_c
806609
_d
806609